US Capitals East to West Quiz Stats

 Plays Quiz Updated Jan 29, 2019

     
Support Sporcle.
Go Orange.
Score 0/50 Timer 08:00
0 Plays Today
Rank Capital % Correct
1Augusta, Maine
93%
2Boston, Massachusetts
86.7%
3Providence, Rhode Island
81.1%
4Concord, New Hampshire
74.7%
7Albany, New York
74.7%
5Montpelier, Vermont
73.4%
6Hartford, Connecticut
72.1%
8Trenton, New Jersey
70.3%
9Dover, Delaware
69.6%
50Honolulu, Hawaii
67.3%
10Annapolis, Maryland
66.8%
49Juneau, Alaska
64.4%
11Harrisburg, Pennsylvania
63.7%
12Richmond, Virginia
63.3%
13Raleigh, North Carolina
62.7%
46Sacramento, California
60.7%
14Columbia, South Carolina
60.4%
48Salem, Oregon
58.4%
47Olympia, Washington
58.1%
18Atlanta, Georgia
56.3%
15Charleston, West Virginia
56.3%
45Carson City, Nevada
55.5%
16Columbus, Ohio
55%
44Boise, Idaho
54.4%
43Phoenix, Arizona
53.7%
Rank Capital % Correct
17Tallahassee, Florida
53.7%
39Denver, Colorado
50.7%
42Helena, Montana
50.7%
41Salt Lake City, Utah
50.3%
40Santa Fe, New Mexico
48.6%
19Lansing, Michigan
46.8%
20Frankfort, Kentucky
46.7%
35Austin, Texas
46.6%
38Cheyenne, Wyoming
46.6%
21Indianapolis, Indiana
46.6%
23Nashville, Tennessee
45.2%
34Oklahoma City, Oklahoma
44.6%
25Springfield, Illinois
44.4%
36Pierre, South Dakota
44.3%
27Baton Rouge, Louisiana
43.7%
22Montgomery, Alabama
43.3%
33Lincoln, Nebraska
43.2%
37Bismarck, North Dakota
43.1%
32Topeka, Kansas
42.9%
26Jackson, Mississippi
42.7%
29Little Rock, Arkansas
42.6%
31Des Moines, Iowa
42.1%
30St. Paul, Minnesota
41.9%
28Jefferson City, Missouri
41.9%
24Madison, Wisconsin
41.7%

From the Vault

Erase Asia (No Skips)

by goc3

The good news is that a few countries are hard to miss.
Remove Ads.
Support Sporcle.
Get the best of Sporcle when you Go Orange. This ad-free experience offers more features, more stats, and more fun while also helping to support Sporcle. Thank you for becoming a member.

Show Comments

Extras

Top Quizzes Today


Score Distribution

Your Account Isn't Verified!

In order to create a playlist on Sporcle, you need to verify the email address you used during registration. Go to your Sporcle Settings to finish the process.

Report this User

Report this user for behavior that violates our Community Guidelines.

Details: